000 00856nam a2200277 i 4500
001 bg
003 BPK
005 20221222104933.0
008 001020s2000 pl f f |000 0 pol
015 _aPB 2000/21686
020 _a832081281X
040 _aWA N
_cBPK
041 0 _apol
080 _a338.48
080 _a(075.8)
100 1 _aGaworecki, Władysław Włodzimierz
_d(1933-2020)
_eAutor
245 1 0 _aTurystyka /
_cWładysław W. Gaworecki.
260 _aWarszawa :
_bPolskie Wydaw. Ekonomiczne,
_c2000.
300 _a384,[2] s. ;
_c21 cm.
504 _aBibliogr.
655 4 _aPodręczniki akademickie
650 4 _aTurystyka
710 2 _aPolskie Wydawnictwo Ekonomiczne
_4pbl.
856 _uhttp://koha.tu.koszalin.pl/cgi-bin/koha/opac-detail.pl?biblionumber=53556
_yKatalog online BPK
942 _2UKD
_cKS
999 _c53556
_d53556